|
|
|
|
| LEADER |
00633cam a2200169 7i4500 |
| 001 |
0000048019 |
| 005 |
20190429090000.0 |
| 020 |
|
|
|a 9971905779
|
| 090 |
0 |
0 |
|a KNC879
|b .G66 1999
|
| 100 |
1 |
|
|a Goonasekera, Anura
|
| 245 |
1 |
0 |
|a Information highways in ASEAN :
|b policy and regulations
|c Anura Goonasekera, Ang Peng Hwa.
|
| 260 |
|
|
|a Singapore:
|b AMIC,
|c 1999.
|
| 300 |
|
|
|a 444 p.
|
| 500 |
|
|
|a Gift: Zainol Ahmad Resource Center
|
| 650 |
0 |
0 |
|a Information superhighway --
|x Law and legislation --
|z Southeast Asia
|
| 999 |
|
|
|a 0000064222
|b BOK
|c OPEN SHELF
|e 1st Floor, Bestari Jaya
|
| 999 |
|
|
|a ZARC001551
|b BOK
|c OPEN SHELF
|e Zainol Ahmad Resource Center
|